Mimochodom- 3 otázky pre Dušana Dušeka

Bibliographic Details
Format: Article
Language:Slovak
ISSN:0231-6714
Subjects:

MARC

LEADER 00000nab a2200000 a 4500
001 vtls000839919
003 SK-MaSNL
005 20260302165000.0
008 131120c2003 xo 0 slo
015 |a SNBRB2003/07-20150 
035 |a CLN000191574 
040 |a SNKBUCL  |b slo  |c SNKBUCL  |e AACR2 
041 0 |a slo 
044 |a xo  |c SK 
080 |a 82:929:821.162.4  |2 1997 
080 |a 821.162.4:929  |2 1997 
245 0 0 |a Mimochodom- 3 otázky pre Dušana Dušeka 
600 1 7 |a Dušek, Dušan,  |d 1946-  |2 snkbucl  |9 209536 
655 7 |9 články z novín a časopisov  |2 snkbucl 
773 0 |t Romboid  |g Roč. 38, č. 5-6 (2003), s. 19  |x 0231-6714 
850 |a Slovenská národná knižnica v Martine 
852 |a SNK  |b KIS3GCP 
958 |a LX 
992 |a RBX 
999 |c 1388521  |d 1390451